[Event "BCF-chT4 2223 (4NCL)"]
[Site "England"]
[Date "2023.05.01"]
[Round "11.12"]
[White "Stanciu, Ciprian"]
[Black "Pleasants, Allan J"]
[Result "0-1"]
[WhiteElo "1998"]
[BlackElo "1963"]
[PlyCount "56"]
[EventDate "2022.11.05"]
[EventType "team-swiss"]
[EventRounds "11"]
[EventCountry "ENG"]
[SourceTitle "EXT 2024"]
[Source "ChessBase"]
[SourceDate "2023.10.10"]
[SourceVersion "1"]
[SourceVersionDate "2023.10.10"]
[SourceQuality "1"]
[WhiteTeam "Poole Patzers"]
[BlackTeam "Wessex Some Stars"]
[WhiteTeamCountry "ENG"]
[BlackTeamCountry "ENG"]

1. d4 d6 2. Bf4 g6 3. Nf3 Bg7 4. c3 Nf6 5. Nbd2 0-0 6. h3 Nc6 7. e4 e5 8. dxe5 dxe5 9. Be3 Qe7 10. Bb5 Bd7 11. Ba4 Rad8 12. Qc2 a6 13. b4 b6 14. Bb3 h6 15. a4 Rfe8 16. a5 Nd4 17. cxd4 exd4 18. Bxd4 Bb5 19. Ne5 Nd5 20. Nxf7 Bxd4 21. Nxd8 Rxd8 22. 0-0-0 Qxb4 23. Nb1 Kh8 24. exd5 bxa5 25. Qxg6 Bg7 26. Qc2 a4 27. Ba2 a3 28. Nd2 Bd3 0-1